| 000 | 00879 a2200229 4500 | ||
|---|---|---|---|
| 999 |
_c10131 _d10131 |
||
| 020 | _a9780393933529 (pbk.) | ||
| 020 | _a0393933520 (pbk.) | ||
| 050 | 0 | 0 | _aHM586. FER 2010 |
| 100 | 1 |
_aFerris, Kerry. _eauthor |
|
| 245 | 1 | 4 |
_aThe real world : _ban introduction to sociology / _cKerry Ferris and Jill Stein. |
| 250 | _a2nd ed. | ||
| 264 |
_aLondon: _bW. W Norton and company., _c2010 |
||
| 300 |
_axxiv, 493 p., [57] p. : _bill. (some col.) ; |
||
| 500 | _aIncludes bibliographical references and index. | ||
| 504 | _aIncludes bibliographical references and index. | ||
| 650 | 0 | _aSociology. | |
| 650 | 0 | _aPopular culture | |
| 651 | 0 | _aUnited States | |
| 700 | 1 |
_aStein, Jill. _eauthor |
|
| 942 |
_2lcc _cBK _h586 _iFER _kHM |
||